| 000 | nam a22 7a 4500 | ||
|---|---|---|---|
| 999 |
_c127649 _d127649 |
||
| 008 | 180315b xxu||||| |||| 00| 0 eng d | ||
| 020 | _a389002542 | ||
| 050 | _aNX440.V3 | ||
| 100 |
_aVan de Bogart, Doris _940641 |
||
| 245 |
_aIntroduction to the Humanities: _bpainting, sculpture, architecture, music and literature _c/ by Doris Van de Bogart |
||
| 260 |
_aNew York: _bBarnes & Noble,Inc., _c1968 |
||
| 300 |
_axviii, 422p.; _c21cm. |
||
| 650 |
_aThe arts _940642 |
||
| 942 |
_2lcc _cMONOGRAPH |
||